Geografía de europa y oceanía /

Guardado en:
Autor Principal: Menéndez, Esteban
Formato: Libro
Publicado: Buenos Aires : Kapelusz, 1960
Edición:8a. ed.
Materias:
Etiquetas: Agregar Etiqueta
Sin Etiquetas, Sea el primero en etiquetar este registro!
LEADER 00486nam a22001815a 4500
001 CEM.cems004367
005 20060216000000.0
008 130507s1960##################000#0#####d
003 CEMS
082 0 4 |a 914 
100 1 |a Menéndez, Esteban 
245 1 0 |a Geografía de europa y oceanía / 
250 |a 8a. ed. 
260 |a Buenos Aires :  |b Kapelusz,  |c 1960 
300 |a 460 p. 
653 |a Europa y oceania 
653 |a Geografia 
859 |a CEMS  |b BIB. CEMS - 11 de abril  |h 914  |i M524a8  |p 10139.81  |t Ej.1